Countries, US States, Capitals, Elements, 100 Most Common Words: add 3 letters to get another - Statistics

General Stats
  • This quiz has been taken 157 times
  • The average score is 35 of 88
Answer Stats
ANSWER % Correct
{}P{}a{ris}
82%
{}a{rk}a{n}S{}a{}S{}
78%
{s}P{ai}n{}
77%
{s}P{}a{in}
77%
{}G{abon}
72%
{a}m{eri}C{iu}m{}
71%
{}C{hil}e{}
71%
{}s{}A{n}A{'}A{}
71%
{er}B{iu}m{}
65%
{er}B{iu}m{}
65%
{erbiu}m{}
65%
{in}D{i}a{}
63%
{g}A{boro}n{e}
62%
{ga}B{oro}n{e}
62%
{}G{aboro}n{e}
62%
{}N{iger}
62%
{}V{i}e{nna}
62%
{y}t{}t{er}B{ium}
62%
{ytt}E{rbiu}m{}
62%
{}C{hina}
58%
{chi}n{a}
58%
{boron}
54%
{su}D{an}
54%
{}s{udan}
54%
{}S{udan}
54%
{}m{al}T{a}
52%
{ceriu}m{}
51%
{}m{a}P{uto}
49%
{}V{ienti}a{ne}
49%
{ar}G{on}
48%
{cali}F{orniu}m{}
48%
{fran}C{iu}m{}
48%
{main}e{}
48%
{}N{it}r{oge}N{}
48%
{nit}R{ogen}
48%
{sodi}u{}M{}
48%
{}G{uinea}
43%
{guinea}
43%
{}P{ri}s{tina}
43%
{pri}S{ti}n{a}
43%
{}s{ale}M{}
43%
{b}E{rk}E{liu}m{}
42%
{h}a{iti}
42%
{p}o{tassiu}M{}
42%
{b}E{rylliu}m{}
40%
{}n{epal}
40%
{c}a{iro}
38%
{t}o{nga}
38%
{radon}
37%
{}l{ju}B{}l{jana}
34%
{m}a{}G{nesium}
34%
{surina}M{}e{}
31%
{t}a{nt}a{lu}M{}
31%
{b}a{nju}L{}
29%
{}I{ndon}e{s}I{a}
29%
{mexic}o{}
28%
{s}a{in}T {luci}a{}
28%
{tir}A{n}A{}
28%
{tuni}S{i}a{}
28%
{}a{rgen}T{in}a{}
26%
{au}S{tin}
26%
{dom}I{n}I{c}a{}
26%
{indi}A{n}A{poli}s{}
26%
{roe}N{tge}N{ium}
26%
{s}a{n}T{i}a{go}
26%
{s}A{i}n{t} {p}A{ul}
25%
{du}S{ha}n{be}
23%
{}C{hlorin}e{}
22%
{beirut}
20%
{thoriu}m{}
20%
{et}H{}i{op}i{a}
18%
{new} M{exic}o{}
18%
{annapol}I{}s{}
17%
{}C{hisin}a{u}
17%
{}I{od}I{ne}
17%
{pro}m{e}T{hiu}m{}
17%
{ho}n{du}R{as}
15%
{ho}n{dura}S{}
15%
{}m{aldive}S{}
15%
{}m{aseru}
15%
{paki}S{ta}n{}
15%
{mi}C{hig}a{n}
14%
{}m{ogadi}S{hu}
12%
{}G{erm}a{nium}
11%
{be}l{mopa}N{}
9%
{}S{ca}n{dium}
8%
{jer}u{sale}M{}
5%
{vi}C{t}o{ria}
5%
No matching quizzes found
Score Distribution
Percent of People with Each Score
Percentile by Number Answered
Your Score History
You have not taken this quiz